UBT Library

This fabulous century. (Record no. 40692)

000 -LEADER
fixed length control field 00534cam a2200205 4500
001 - CONTROL NUMBER
control field 291261
005 - DATE AND TIME OF LATEST TRANSACTION
control field 20180122093608.0
008 - FIXED-LENGTH DATA ELEMENTS--GENERAL INFORMATION
fixed length control field 690320m19699999nyua b 001 0 eng
010 ## - LIBRARY OF CONGRESS CONTROL NUMBER
LC control number 69016698
040 ## - CATALOGING SOURCE
Original cataloging agency DLC
Transcribing agency DLC
Modifying agency DLC
-- OCoLC
041 ## - LANGUAGE CODE
Language code of text/sound track or separate title eng
080 ## - UNIVERSAL DECIMAL CLASSIFICATION NUMBER
Universal Decimal Classification number 917.30 jam
082 00 - DEWEY DECIMAL CLASSIFICATION NUMBER
Classification number 917.30 jam
100 ## - Rafti
Rafti 16
101 ## - Shkurtesa
Shkurtesa his
245 10 - TITLE STATEMENT
Title This fabulous century.
Statement of responsibility, etc By the editors of Time-Life Books.
504 ## - BIBLIOGRAPHY, ETC. NOTE
Bibliography, etc Includes bibliographies.
906 ## - LOCAL DATA ELEMENT F, LDF (RLIN)
a 7
b cbc
c orignew
d u
e ncip
f 19
g y-gencatlg
942 ## - ADDED ENTRY ELEMENTS (KOHA)
Source of classification or shelving scheme
Item type Books
Holdings
Withdrawn status Lost status Source of classification or shelving scheme Damaged status Not for loan Collection code Permanent location Current location Shelving location Date acquired Total Checkouts Full call number Barcode Date last seen Price effective from Koha item type
          Koleksioni i përgjithshem UBT - Lipjan UBT - Lipjan Koleksioni i përgjithshem 01/22/2018   917.30 jam 002-2996024 01/22/2018 01/22/2018 Books
UBT Library © 2015-2024. All rights reserved University Education for Business and Technology